00616nam a2200181 i 4500001000700000003000900007005001700016007000300033008004100036080001600077100004800093245005100141260004100192300003800233852002200271999001900293952012200312109023ES-MaACL20230906184748.0t|061121s1971 sp r ||||1| spa d a860-821"19"1 aOliver Belmás, Antonio,d1903-196898683110aObras completas de Antonio Oliver (1923-1965). aMadrid : bBiblioteca Nueva, c1971. a916 p. : bretr. autor ; c22 cm. aES-MaACLjC-38650 c109023d109023 00104070aATENEOMbATENEOMcDEPO2d2008-01-17eSCl0oC-38650p1113758r2023-02-23 00:00:00w2023-02-23yMONOGRAFIA